000 00580nam a22002057a 4500
003 OSt
005 20140310182054.0
008 130822t xxu||||| |||| 00| 0 eng d
020 _a9780340781531
020 _a9780340781401
050 _aQA 21
_b.Om55 2000
082 _aHS 531
_b Om2 m.1
100 _aO'Meara, David
_912293
245 _aModular maths for edexcel A/AS level :
_bmechanics 1 /
_cDavid O'Meara,
260 _aLondon :
_bHodder and Stoughton,
_cc2000.
300 _a182 p. :
_bill. ;
_c24 cm.
650 _aMathematics
_9210
942 _2lcc
_cHS
999 _c9060
_d9060